000 00215 a2200097 4500
001 1001
100 _aHuxley,L.G.H.
245 _aPrinciples & practice of wave guide
260 _a
_bCambridge
_c
090 _c574
_d574
942 _aNUST-CAE
_cM
_c32200
999 _c236074
_d236074